| 000 | 01234cam a22002295a 4500 | ||
|---|---|---|---|
| 001 | 17351212 | ||
| 005 | 20130516130956.0 | ||
| 008 | 120618s2012 nyu 000 0 eng | ||
| 010 | _a 2012942258 | ||
| 020 | _a9783642311864 | ||
| 082 |
_222 _a620.0042 _bCAV |
||
| 100 |
_aCavazzuti, Marco. _933215 |
||
| 245 | 0 | 0 |
_aOptimization methods / _cMarco Cavazzuti. |
| 260 |
_aNew York : _bSpringer, _c2012. |
||
| 300 |
_axviii, 262 p. : _bill. ; _c24 cm. |
||
| 505 | _aPart 1. Optimization theory -- Design of Experiments -- Response Surface Modelling -- Deterministic Optimization -- Stochastic Optimization -- Robust Design Analysis -- Part 2. Applications -- General Guidelines: How to Proceed in an Optimization Exercise -- A Forced Convection Application: Surface Optimization for Enhanced Heat Transfer -- A Natural Convection Application: Optimization of Rib Roughened Chimneys -- An Analytical Application: Optimization of a Stirling Engine Based on the Schmidt Analysis and on the Adiabatic Analysis -- Conclusions. | ||
| 650 |
_aEngineering design _xMathematics. _933216 |
||
| 650 |
_aMechanics, Applied. _933217 |
||
| 650 |
_aEngineering design _xMathematics. _933218 |
||
| 653 |
_bEle _cMay2013 |
||
| 942 |
_2ddc _cBB |
||
| 999 |
_c17473 _d17445 |
||